複眼人

資料類型: Book 圖書   書目號:53171

Leader xxxxxxxxxx
001 __ 102601/5/02
005 __ 20190801155849.578
010 0_ |a978-986-5824-63-1|b平裝|d新臺幣360元
020 __ |atw|b105010010
042 __ |anbim
100 __ |a20190801d2016    m  y0chiy50      e
101 0_ |achi
102 __ |atw
105 __ |aa   z   000ay
200 1_ |a複眼人|dThe man with the compound eyes|f吳明益作
205 __ |a初版
210 __ |a臺北市|c新經典圖文傳播|d2016[民105]
215 0_ |a395面|c|d21公分
225 12 |a文學森林|vLF0073
225 12 |aLiterary forest|v73
510 1_ |aThe man with the compound eyes|zeng
606 __ |2cst|a長篇小說
700 _1 |a|b明益|4681 __ |a857.7|b8853
801 _0 |atw|bLibDipper|c20190801|gCCR
詳細館藏 1-2 筆 (共 2 筆)
索 書 號登 錄 號冊次號館別 / 館藏地流通類型狀態加入預約清單電子資源
857.7 / 8853 1026015  圖書館 / 一樓普通區 可外借30天 在館   
857.7 / 8853 1026016  圖書館 / 一樓普通區 可外借30天 在館   

| 條列資料




目錄查詢 分類查詢 個人資料 圖書薦購 新書查詢 閉館日 排行榜 更多電子資源 Hami書城 線上資料庫 登出

From : 216.73.217.87

  本日流通累計至 09:48:03 借閱 : 10 次 續借 : 0 次 歸還 : 9 次 預約 : 0 次 電子資源 : 0 次


內湖高中圖書館  PCLIS 版本  26.5.0.12